| 000 | 01396nam2a22002531 4500 | ||
|---|---|---|---|
| 001 | rc\3399649 | ||
| 005 | 20250609235236.0 | ||
| 021 |
_aRU _b[75-7113] |
||
| 035 | _a(NLR Aleph) 007573046 | ||
| 090 |
_a5426409 _c5426409 |
||
| 100 | _a20130115g19731974|||y0rusy50 ca | ||
| 101 | 0 | _arus | |
| 102 | _aRU | ||
| 105 | _aa z ||||| | ||
| 200 | 0 | _aЧ. 2 | |
| 210 |
_d1973 [вып. дан. 1974] _aБ. м. |
||
| 215 |
_a174 с. _cчерт. |
||
| 320 | _aСписок лит.: с. 168-172 (53 назв.) | ||
| 461 | 0 |
_1001rc\3399647 _12001#$aМеханическая обработка деталей машин и аппаратов химических производств$e[Учеб. пособие]$eЧ. 1-$fМ-во высш. и сред. спец. образования СССР. Моск. хим.-технол. ин-т им. Д.И. Менделеева$vЧ. 2 _1700#1$aРылов$bС.В. _95426391 _aРылов, С.В. _cМосква _d1972- _fМ-во высш. и сред. спец. образования СССР. Моск. хим.-технол. ин-т им. Д.И. Менделеева _nБ. и. _o[Учеб. пособие] : Ч. 1- _tМеханическая обработка деталей машин и аппаратов химических производств _vЧ. 2 |
|
| 801 | 0 |
_aRU _bNLR _gpsbo |
|
| 801 | 1 |
_aRU _bELAR _2rusmarc |
|
| 852 |
_aNLR _j72-3/9898 |
||
| 942 | _cBOOK | ||
| 980 | _aNB | ||